Hungarian Monarchs - Statistics

General Stats
  • This quiz has been taken 60 times
  • The average score is 35 of 55
Answer Stats
House Years Answer % Correct
Habsburg 1792-1835 Francis
83%
Anjou 1308-1342 Charles I
81%
Habsburg 1848-1916 Francis Joseph
81%
Anjou 1385-1386 Charles II
79%
Habsburg 1711-1740 Charles III
79%
Habsburg 1916-1918 Charles IV
79%
Arpad 1000-1038 Stephen I
75%
Habsburg 1705-1711 Joseph I
73%
Habsburg 1780-1790 Joseph II
73%
Habsburg 1526-1564 Ferdinand I
71%
Luxembourg 1387-1437 Sigismund
71%
Arpad 1116-1131 Stephen II
71%
Arpad 1162-1172 Stephen III
69%
Arpad 1060-1063 Bela I
67%
Arpad 1131-1141 Bela II
67%
Arpad 1172-1196 Bela III
67%
Arpad 1235-1270 Bela IV
67%
Habsburg 1619-1637 Ferdinand II
67%
Habsburg 1637-1657 Ferdinand III
67%
Zapolya 1526-1540 John I
67%
Habsburg 1657-1705 Leopold I
67%
Habsburg 1790-1792 Leopold II
67%
Arpad 1046-1060 Andrew I
65%
Arpad 1205-1235 Andrew II
65%
Zapolya 1540-1570 John II
65%
Anjou 1342-1382 Louis I
65%
Jagiellon 1516-1526 Louis II
65%
Anjou 1382-1385 Mary
65%
Hunyadi 1458-1490 Matthias I
65%
Arpad 1038-1041, 1044-1046 Peter
65%
Arpad 1163-1165 Stephen IV
65%
Arpad 1290-1301 Andrew III
63%
Habsburg 1647-1654 Ferdinand IV
63%
Wittlesbach 1305-1307 Otto
63%
Arpad 1270-1272 Stephen V
63%
Habsburg 1740-1780 Maria Theresa
60%
Habsburg 1608-1619 Matthias II
60%
Habsburg 1835-1848 Ferdinand V
58%
Habsburg 1564-1576 Maximilian
58%
Habsburg 1437-1439 Albert
56%
Arpad 1074-1077 Geza I
56%
Arpad 1141-1162 Geza II
56%
Arpad 1077-1095 Ladislaus I
56%
Arpad 1162-1163 Ladislaus II
56%
Arpad 1204-1205 Ladislaus III
54%
Arpad 1041-1044 Samuel
54%
Arpad 1095-1116 Coloman
52%
Arpad 1272-1290 Ladislaus IV
52%
Habsburg 1576-1608 Rudolph
52%
Habsburg 1440-1457 Ladislaus V
50%
Arpad 1063-1074 Solomon
50%
Jagiellon 1440-1444 Vladislaus I
44%
Jagiellon 1490-1516 Vladislaus II
44%
Premyslid 1301-1305 Wenceslaus
38%
Arpad 1196-1204 Emeric
35%
No matching quizzes found
Score Distribution
Percent of People with Each Score
Percentile by Number Answered
Your Score History
You have not taken this quiz